000 00528nam a2200181 a 4500
001 5702
003 CO-ViMGA
008 141112s2004 ck r 000 u spa d
040 _aCO-ViMGA
_bspa
_cCO-ViMGA
082 0 4 _aR343.098 C656e
100 1 _aColombia. Ministerio de Justicia
_94147
245 1 0 _aEstatuto nacional de transporte ley 236 de 1996
260 _aBogotá :
_bImpronta Nacional de Colombia,
_c1997
300 _a30 p
490 _aTextos oficiales, 10
650 1 4 _aTRANSPORTE - ESTATUTO
_94148
942 _2ddc
_cBK
999 _c17683
_d17683